| 000 | 00441nam a22001697a 4500 | ||
|---|---|---|---|
| 005 | 20250619160550.0 | ||
| 008 | 250506b |||||||| |||| 00| 0 eng d | ||
| 020 | _a9781408844489 | ||
| 040 | _cSDCL | ||
| 041 | _aeng | ||
| 084 | _aS:66 Q0 LR | ||
| 100 |
_aGilbert, Elizabeth _9409590 |
||
| 245 |
_aEat Pray Love: _bOne Woman's Search for Everything/ |
||
| 260 |
_aLondon : _bBloomsbury, _c2010. |
||
| 300 | _a349p | ||
| 942 |
_2CC _cGB |
||
| 999 |
_c1311798 _d1311798 |
||